|
|
|
|
| LEADER |
00000nab a2200000 a 4500 |
| 001 |
vtls011108550 |
| 003 |
SK-MaSNL |
| 005 |
20260303143552.0 |
| 008 |
230222|2001 xo |||||||||||||||||slo| |
| 015 |
|
|
|a SNBRB
|
| 035 |
|
|
|a (uuid)8424bec3-962f-450c-9a4d-45ba0a8739ae
|
| 035 |
|
|
|a (urnnbn)urn:nbn:sk:snk:ar-a08chr
|
| 035 |
|
|
|a urn:nbn:sk:snk-ab9ffr
|
| 040 |
|
|
|a SNKBUCL
|b slo
|c SNKBUCL
|e AACR2
|
| 041 |
0 |
|
|a slo
|
| 044 |
|
|
|a xo
|c SK
|
| 100 |
1 |
|
|a Hurajt, Ľubomír
|4 aut
|9 270583
|
| 245 |
1 |
0 |
|a ROZHOVOR s prof. Ing. Jozefom Zajacom, DrSc
|c Ľubomír Hurajt, Jozef Zajac
|
| 700 |
1 |
|
|a Zajac, Jozef,
|d 1938-
|4 aut
|9 219955
|
| 773 |
0 |
|
|t Znalectvo v odboroch Stavebníctvo a Podnikové hospodárstvo
|g Roč. 6, č. 1 (2001), s. 2
|
| 954 |
|
|
|a odborná, vedecká literatúra pôvodná (slovenská)
|2 lita
|
| 958 |
|
|
|a OND
|
| 958 |
|
|
|a EUIPO
|
| 958 |
|
|
|a article13
|
| 999 |
|
|
|c 1990949
|d 1992879
|